000 00501nam a2200181Ia 4500
005 20250508151218.0
008 008 250505s9999 xx 000 0 eng d
037 _aReference
040 _aFEDL
_beng
_cFEDL
041 _aeng
_2eng
084 _a371.9, SCH
_qFEDL
100 _aSchonell Fred J
_9139871
245 0 _aBackwardness in the basic subjects
260 _aEdinburgh
_bOliver and Boyd
_c1949
300 _axix,566p
942 _cREF
_h371.9, SCH
999 _c1328245
_d1328245